<?xml version="1.0" encoding="UTF-8"?>
<record
    xmlns:xsi="http://www.w3.org/2001/XMLSchema-instance"
    xsi:schemaLocation="http://www.loc.gov/MARC21/slim http://www.loc.gov/standards/marcxml/schema/MARC21slim.xsd"
    xmlns="http://www.loc.gov/MARC21/slim">

  <leader>00589nam a2200193 a 4500</leader>
  <controlfield tag="001">sa 68012627 </controlfield>
  <controlfield tag="003">DLC</controlfield>
  <controlfield tag="005">20260227112612.0</controlfield>
  <controlfield tag="008">970905s1968    ii            000 0 mar  </controlfield>
  <datafield tag="010" ind1=" " ind2=" ">
    <subfield code="a">sa 68012627 </subfield>
  </datafield>
  <datafield tag="040" ind1=" " ind2=" ">
    <subfield code="a">DLC</subfield>
    <subfield code="c">DLC</subfield>
  </datafield>
  <datafield tag="050" ind1="0" ind2="0">
    <subfield code="a">PK2418.M3137</subfield>
    <subfield code="b">P3</subfield>
  </datafield>
  <datafield tag="100" ind1="0" ind2="0">
    <subfield code="a">Manamohana,</subfield>
    <subfield code="d">1914-</subfield>
  </datafield>
  <datafield tag="245" ind1="1" ind2="0">
    <subfield code="a">P&#x101;napata, Mar&#x101;&#x1E6D;h&#x12B; itih&#x101;s&#x101;tal&#x101; eka ajar&#x101;mara pras&#x1E45;ga :</subfield>
    <subfield code="b">romaharshaka aitih&#x101;sika k&#x101;dambar&#x12B; /</subfield>
    <subfield code="c">Manamohana.</subfield>
  </datafield>
  <datafield tag="250" ind1=" " ind2=" ">
    <subfield code="a">Pratham&#x101;vr&#x325;tti.</subfield>
  </datafield>
  <datafield tag="260" ind1=" " ind2=" ">
    <subfield code="a">Sol&#x101;p&#x16B;ra :</subfield>
    <subfield code="b">Surasa grantham&#x101;l&#x101;,</subfield>
    <subfield code="c">1968.</subfield>
  </datafield>
  <datafield tag="300" ind1=" " ind2=" ">
    <subfield code="a">225 cm. :</subfield>
    <subfield code="c">19 cm.</subfield>
  </datafield>
  <datafield tag="546" ind1=" " ind2=" ">
    <subfield code="a">In Marathi.</subfield>
  </datafield>
  <datafield tag="999" ind1=" " ind2=" ">
    <subfield code="c">84630</subfield>
    <subfield code="d">84630</subfield>
  </datafield>
</record>
